Statistiken für Auswanderungen Russland

Klicken Sie hier um das Quiz zu spielen!

Allgemein

  • Dieses Quiz wurde 160 mal gespielt
  • Das Durchschnittsergebnis liegt bei 25 aus 30

Antwortstatistiken

PlatzLandAnzahl% Korrekt
4.Vereinigte Staaten3.072.756
100%
3.Deutschland3.500.000
99%
1.Ukraine7.170.000
97%
23.Polen40.000
95%
13.Estland322.700
94%
8.Kanada622.445
94%
2.Kasachstan3.512.925
94%
9.Lettland487.250
94%
17.Litauen129.797
93%
7.Weißrussland785.084
93%
11.Frankreich350.000
92%
20.Finnland90.801
89%
30.Schweden20.187
86%
10.Kirgisistan352.960
85%
22.Türkei50.000
85%
6.Usbekistan809.530
83%
18.Italien120.459
82%
26.Tadschikistan35.000
82%
16.Turkmenistan150.000
82%
19.Aserbaidschan119.300
81%
28.Georgien26.453
79%
24.Rumänien36.397
79%
25.Tschechien35.759
78%
12.Brasilien340.000
77%
21.Australien67.055
76%
15.Moldawien201.218
75%
14.Argentinien300.000
65%
29.Ungarn21.518
63%
5.Israel938.500
53%
27.Südkorea30.098
47%

Verteilung der Resultate

Perzentil nach korrekt beantworteten Fragen

Anzahl Personen mit jedem Resultat

Ihre Resultats-Entwicklung

Sie haben dieses Quiz noch nicht gespielt